História da Arte Portuguesa - 1º vol. (Registo nº 809)

Detalhes MARC
000 -Etiqueta do registo
Cabeçalho 00765nam0a22003011 4500
005 - Identificador da versão
Campo de controlo 20240813121815.0
010 ## - Número internacional normalizado dos livros (ISBN)
Número (ISBN) 9724211436
021 ## - Número do Depósito Legal
Código do país PT
Número 85 551/95
035 ## - Other System Control Numbers
System Control Number 0000879
System Control Number 0000874
System Control Number 0000867
System Control Number 0000855
100 ## - Dados gerais de processamento
Dados gerais de processamento 20080207d1995 a e0pory5003 ba
102 ## - Pais de publicação ou produção
País de publicação Portugal
101 0# - Língua de publicação
Língua do texto, banda sonora, etc. Português
Língua do documento no original Português
106 ## - Campo de dados codificados: material textual
Dados codificados do material textual r
105 ## - Campo de dados codificados: livros
Dados codificados dos livros a z 001yy
215 ## - Descrição física 
Indicação específica da natureza do documento e extensão da espécie 519 p.
Outras indicações físicas ilustrado
Dimensões cm
200 1# - Titulo e menção de responsabilidade
Título próprio História da Arte Portuguesa - 1º vol.
Primeira menção de responsabilidade Mila Simões de Abreu
Outras menções de responsabilidade coord. Paulo Pereira
225 2# - Colecção 
Título próprio da colecção Grandes Temas da Nossa História
205 ## - Menção da edição
Menção da edição 1ª edição
210 ## - Publicação, Distribuição, etc. 
Lugar da edição, distribuição, etc. Lisboa
Nome do editor, distribuidor, etc. Círculo de Leitores
Data da publicação, distribuição, etc. 1995
701 #1 - Nome de autor-pessoa física (co-responsabilidade principal)
Código de função Diretor / Director teatral / Realizador
942 ## - Elementos de entrada adicionados (Koha)
Tipo de item no Koha Livro
Exemplares
Situação do levantamento Origin of item (home branch) (coded) Biblioteca de empréstimo Código de barras Cota Circulation type (not for loan) Tipo de documento Nota do exemplar Damaged status
  Biblioteca Escolar Eng. Nuno Mergulhão Biblioteca Escolar Eng. Nuno Mergulhão BENM1277 9PT ABR   Livro Sem mensagem